[Event "2025 National K-12 Grade Championship"]
[Site "Spokane, WI USA, United States"]
[Date "2025.12.14"]
[Round "7.16"]
[White "Williams, Christopher J"]
[Black "Verma, Darsh"]
[Result "1-0"]
[TimeControl "G/90; d10"]
[WhiteFideId "39908283"]
[BlackFideId "30990572"]
[WhiteElo "2049"]
[BlackElo "1863"]

1. e4 {[%clk 01:30:00]} {[%emt 00:00:03]} e5 {[%clk 01:30:00]} {[%emt
00:00:04]} 2. Nf3 {[%clk 01:29:40]} {[%emt 00:00:31]} Nc6 {[%clk 01:30:00]}
{[%emt 00:00:05]} 3. Bb5 {[%clk 01:29:40]} {[%emt 00:00:06]} a6 {[%clk
01:30:00]} {[%emt 00:00:08]} 4. Ba4 {[%clk 01:29:40]} {[%emt 00:00:03]} Nf6
{[%clk 01:29:59]} {[%emt 00:00:12]} 5. O-O {[%clk 01:29:40]} {[%emt 00:00:06]}
Nxe4 {[%clk 01:29:38]} {[%emt 00:00:31]} 6. d4 {[%clk 01:29:40]} {[%emt
00:00:08]} b5 {[%clk 01:29:38]} {[%emt 00:00:10]} 7. Bb3 {[%clk 01:29:40]}
{[%emt 00:00:05]} d5 {[%clk 01:29:38]} {[%emt 00:00:04]} 8. dxe5 {[%clk
01:29:29]} {[%emt 00:00:20]} Be6 {[%clk 01:29:17]} {[%emt 00:00:31]} 9. Be3
{[%clk 01:29:29]} {[%emt 00:00:06]} Be7 {[%clk 01:26:31]} {[%emt 00:02:55]} 10.
c3 {[%clk 01:28:28]} {[%emt 00:01:13]} Qd7 {[%clk 01:18:17]} {[%emt 00:08:23]}
11. h3 {[%clk 01:27:09]} {[%emt 00:01:28]} O-O {[%clk 01:16:35]} {[%emt
00:01:52]} 12. Nbd2 {[%clk 01:26:57]} {[%emt 00:00:22]} Rad8 {[%clk 01:01:37]}
{[%emt 00:15:08]} 13. Re1 {[%clk 01:25:18]} {[%emt 00:01:49]} Nc5 {[%clk
00:50:40]} {[%emt 00:11:06]} 14. Bc2 {[%clk 01:23:38]} {[%emt 00:01:50]} Bf5
{[%clk 00:49:09]} {[%emt 00:01:41]} 15. Qb1 {[%clk 01:17:48]} {[%emt 00:06:01]}
Bxc2 {[%clk 00:47:21]} {[%emt 00:01:57]} 16. Qxc2 {[%clk 01:16:55]} {[%emt
00:01:03]} Ne6 {[%clk 00:39:47]} {[%emt 00:07:44]} 17. Nb3 {[%clk 01:15:31]}
{[%emt 00:01:34]} f6 {[%clk 00:28:19]} {[%emt 00:11:39]} 18. exf6 {[%clk
01:13:22]} {[%emt 00:02:19]} Bxf6 {[%clk 00:28:19]} {[%emt 00:00:10]} 19. Rad1
{[%clk 01:11:07]} {[%emt 00:02:24]} a5 {[%clk 00:18:28]} {[%emt 00:10:00]} 20.
Rd2 {[%clk 01:10:04]} {[%emt 00:01:12]} a4 {[%clk 00:18:01]} {[%emt 00:00:38]}
21. Nc5 {[%clk 01:09:24]} {[%emt 00:00:50]} Nxc5 {[%clk 00:18:01]} {[%emt
00:00:04]} 22. Bxc5 {[%clk 01:09:23]} {[%emt 00:00:11]} Rfe8 {[%clk 00:17:35]}
{[%emt 00:00:36]} 23. Red1 {[%clk 01:07:43]} {[%emt 00:01:49]} Ne5 {[%clk
00:15:43]} {[%emt 00:02:02]} 24. Nd4 {[%clk 01:06:00]} {[%emt 00:01:54]} Nc4
{[%clk 00:14:56]} {[%emt 00:00:57]} 25. Rd3 {[%clk 01:04:57]} {[%emt 00:01:13]}
Bxd4 {[%clk 00:14:34]} {[%emt 00:00:32]} 26. Bxd4 {[%clk 01:04:39]} {[%emt
00:00:28]} c6 {[%clk 00:10:10]} {[%emt 00:04:36]} 27. Rg3 {[%clk 01:03:45]}
{[%emt 00:01:03]} g6 {[%clk 00:04:44]} {[%emt 00:05:36]} 28. Bf6 {[%clk
01:01:20]} {[%emt 00:02:35]} Rc8 {[%clk 00:04:19]} {[%emt 00:00:36]} 29. Rd4
{[%clk 01:00:15]} {[%emt 00:01:12]} Qf7 {[%clk 00:03:34]} {[%emt 00:00:57]} 30.
Rf4 {[%clk 01:00:11]} {[%emt 00:00:14]} Re6 {[%clk 00:02:59]} {[%emt 00:00:45]}
31. Rgf3 {[%clk 00:58:00]} {[%emt 00:02:22]} Qc7 {[%clk 00:02:08]} {[%emt
00:01:00]} 32. g3 {[%clk 00:57:09]} {[%emt 00:01:00]} Nd6 {[%clk 00:01:33]}
{[%emt 00:00:46]} 33. Bg5 {[%clk 00:56:14]} {[%emt 00:01:04]} Qg7 {[%clk
00:01:01]} {[%emt 00:00:42]} 34. Rh4 {[%clk 00:54:38]} {[%emt 00:01:45]} Ne4
{[%clk 00:00:32]} {[%emt 00:00:41]} 35. Bh6 {[%clk 00:53:29]} {[%emt 00:01:19]}
Qe7 {[%clk 00:00:13]} {[%emt 00:00:29]} 36. Rhf4 {[%clk 00:53:23]} {[%emt
00:00:13]} Rf6 {[%clk 00:00:13]} {[%emt 00:00:09]} 37. Qe2 {[%clk 00:51:55]}
{[%emt 00:01:38]} Rxf4 {[%clk 00:00:13]} {[%emt 00:00:05]} 38. Rxf4 {[%clk
00:51:49]} {[%emt 00:00:15]} Qc5 {[%clk 00:00:06]} {[%emt 00:00:18]} 39. Qg4
{[%clk 00:51:12]} {[%emt 00:00:46]} 1-0

[Event "2025 National K-12 Grade Championship"]
[Site "Spokane, WI USA, United States"]
[Date "2025.12.14"]
[Round "7.17"]
[White "Wang, Connor"]
[Black "Shin, Luke"]
[Result "1/2-1/2"]
[TimeControl "G/90; d10"]
[WhiteFideId "30991803"]
[BlackFideId "39956814"]
[WhiteElo "2080"]
[BlackElo "2085"]

1. e4 {[%clk 01:30:00]} e6 {[%clk 01:29:52]} {[%emt 00:00:19]} 2. d4 {[%clk
01:30:00]} {[%emt 00:00:05]} d5 {[%clk 01:29:48]} {[%emt 00:00:14]} 3. Nd2
{[%clk 01:30:00]} {[%emt 00:00:04]} c5 {[%clk 01:29:39]} {[%emt 00:00:19]} 4.
exd5 {[%clk 01:30:00]} {[%emt 00:00:07]} Qxd5 {[%clk 01:29:36]} {[%emt
00:00:13]} 5. dxc5 {[%clk 01:30:00]} {[%emt 00:00:05]} Nf6 {[%clk 01:29:08]}
{[%emt 00:00:37]} 6. Ngf3 {[%clk 01:29:22]} {[%emt 00:00:48]} Qxc5 {[%clk
01:28:36]} {[%emt 00:00:43]} 7. Bd3 {[%clk 01:27:58]} {[%emt 00:01:34]} Nbd7
{[%clk 01:27:26]} {[%emt 00:01:19]} 8. O-O {[%clk 01:26:53]} {[%emt 00:01:15]}
Qc7 {[%clk 01:26:01]} {[%emt 00:01:36]} 9. Qe2 {[%clk 01:24:58]} {[%emt
00:02:05]} Be7 {[%clk 01:23:09]} {[%emt 00:03:02]} 10. a4 {[%clk 01:21:59]}
{[%emt 00:03:09]} O-O {[%clk 01:22:23]} {[%emt 00:00:55]} 11. a5 {[%clk
01:19:37]} {[%emt 00:02:33]} Nd5 {[%clk 01:18:36]} {[%emt 00:03:57]} 12. Ne4
{[%clk 01:13:26]} {[%emt 00:06:20]} N7f6 {[%clk 01:13:15]} {[%emt 00:05:32]} 13.
Nxf6+ {[%clk 01:07:50]} {[%emt 00:05:46]} Nxf6 {[%clk 01:12:24]} {[%emt
00:01:01]} 14. c3 {[%clk 01:06:08]} {[%emt 00:01:51]} Bd7 {[%clk 01:09:38]}
{[%emt 00:02:58]} 15. h3 {[%emt 00:08:20]} h6 {[%clk 01:04:23]} {[%emt
00:05:22]} 16. Ne5 {[%clk 00:54:00]} {[%emt 00:04:09]} Rfd8 {[%clk 00:56:36]}
{[%emt 00:07:58]} 17. Bf4 {[%clk 00:46:17]} {[%emt 00:07:52]} Bd6 {[%clk
00:55:53]} {[%emt 00:00:54]} 18. Rfd1 {[%clk 00:40:56]} {[%emt 00:05:32]} Nd5
{[%clk 00:51:34]} {[%emt 00:04:28]} 19. Bg3 {[%clk 00:39:12]} {[%emt 00:01:54]}
Be8 {[%clk 00:49:28]} {[%emt 00:02:16]} 20. Bc2 {[%clk 00:33:00]} {[%emt
00:06:22]} f6 {[%clk 00:45:00]} {[%emt 00:04:39]} 21. Nf3 {[%clk 00:31:24]}
{[%emt 00:01:44]} Bxg3 {[%clk 00:44:45]} {[%emt 00:00:25]} 22. fxg3 {[%clk
00:29:52]} {[%emt 00:01:42]} Qxg3 {[%clk 00:41:51]} {[%emt 00:03:05]} 23. Qxe6+
{[%clk 00:27:43]} {[%emt 00:02:19]} Bf7 {[%clk 00:41:51]} {[%emt 00:00:05]} 24.
Qe1 {[%clk 00:26:11]} {[%emt 00:01:42]} 1/2-1/2

[Event "2025 National K-12 Grade Championship"]
[Site "Spokane, WI USA, United States"]
[Date "2025.12.14"]
[Round "7.18"]
[White "Zhao, Austin"]
[Black "Shrivastava, Nivaan"]
[Result "1/2-1/2"]
[TimeControl "G/90; d10"]
[WhiteFideId "39921786"]
[BlackFideId "39928357"]
[WhiteElo "2040"]
[BlackElo "2092"]

1. d4 {[%clk 01:30:00]} {[%emt 00:00:09]} Nf6 {[%clk 01:28:14]} {[%emt
00:01:56]} 2. c4 {[%clk 01:29:53]} {[%emt 00:00:18]} e6 {[%clk 01:28:13]}
{[%emt 00:00:10]} 3. Nc3 {[%clk 01:29:41]} {[%emt 00:00:22]} Bb4 {[%clk
01:28:08]} {[%emt 00:00:16]} 4. Qc2 {[%clk 01:29:11]} {[%emt 00:00:41]} O-O
{[%clk 01:27:17]} {[%emt 00:01:01]} 5. Nf3 {[%clk 01:28:36]} {[%emt 00:00:45]}
b6 {[%clk 01:24:54]} {[%emt 00:02:33]} 6. e4 {[%clk 01:19:41]} {[%emt
00:09:05]} Bxc3+ {[%clk 01:21:25]} {[%emt 00:03:38]} 7. bxc3 {[%clk 01:19:41]}
{[%emt 00:00:06]} d6 {[%clk 01:18:38]} {[%emt 00:02:57]} 8. Bd3 {[%clk
01:16:34]} {[%emt 00:03:18]} e5 {[%clk 01:16:29]} {[%emt 00:02:18]} 9. dxe5
{[%clk 01:05:20]} {[%emt 00:11:25]} dxe5 {[%clk 01:16:29]} {[%emt 00:00:08]} 10.
Nxe5 {[%clk 01:05:14]} {[%emt 00:00:15]} Re8 {[%clk 01:12:40]} {[%emt
00:03:59]} 11. f4 {[%clk 01:03:28]} {[%emt 00:01:56]} Na6 {[%clk 01:10:53]}
{[%emt 00:01:57]} 12. Ba3 {[%clk 00:59:01]} {[%emt 00:04:38]} Nh5 {[%clk
00:57:52]} {[%emt 00:13:10]} 13. g3 {[%clk 00:51:17]} {[%emt 00:07:54]} Bb7
{[%clk 00:54:27]} {[%emt 00:03:36]} 14. O-O-O {[%clk 00:42:53]} {[%emt
00:08:34]} Qf6 {[%clk 00:45:01]} {[%emt 00:09:36]} 15. Rhf1 {[%clk 00:36:51]}
{[%emt 00:06:12]} Rad8 {[%clk 00:30:00]} {[%emt 00:15:11]} 16. Kb1 {[%clk
00:26:18]} {[%emt 00:10:43]} Nc5 {[%clk 00:25:30]} {[%emt 00:04:40]} 17. Bxc5
{[%clk 00:25:16]} {[%emt 00:01:12]} bxc5 {[%clk 00:24:24]} {[%emt 00:01:16]} 18.
Be2 {[%clk 00:23:50]} {[%emt 00:01:36]} Qb6+ {[%clk 00:23:17]} {[%emt
00:01:17]} 19. Kc1 {[%clk 00:22:31]} {[%emt 00:01:29]} Nf6 {[%clk 00:21:45]}
{[%emt 00:01:42]} 20. Bf3 {[%clk 00:21:17]} {[%emt 00:01:25]} Qa5 {[%clk
00:18:37]} {[%emt 00:03:17]} 21. Rxd8 {[%clk 00:15:13]} {[%emt 00:06:14]} Rxd8
{[%clk 00:18:37]} {[%emt 00:00:06]} 22. Rd1 {[%clk 00:13:53]} {[%emt 00:01:29]}
Qa3+ {[%clk 00:17:17]} {[%emt 00:01:30]} 23. Qb2 {[%clk 00:13:39]} {[%emt
00:00:25]} Rxd1+ {[%clk 00:15:35]} {[%emt 00:01:51]} 24. Bxd1 {[%clk 00:13:39]}
{[%emt 00:00:05]} Qxb2+ {[%clk 00:15:22]} {[%emt 00:00:23]} 25. Kxb2 {[%clk
00:13:39]} {[%emt 00:00:05]} Bxe4 {[%clk 00:15:06]} {[%emt 00:00:26]} 26. Ka3
{[%clk 00:10:49]} {[%emt 00:03:00]} Ne8 {[%clk 00:13:03]} {[%emt 00:02:12]} 27.
Be2 {[%clk 00:08:40]} {[%emt 00:02:20]} Nd6 {[%clk 00:11:14]} {[%emt 00:01:58]}
28. Nd7 {[%clk 00:07:18]} {[%emt 00:01:32]} Nb7 {[%clk 00:10:55]} {[%emt
00:00:30]} 29. Ne5 {[%clk 00:04:40]} {[%emt 00:02:48]} 1/2-1/2

[Event "2025 National K-12 Grade Championship"]
[Site "Spokane, WI USA, United States"]
[Date "2025.12.14"]
[Round "7.19"]
[White "Guo, Ethan"]
[Black "Weingarten, Phineas Hugo"]
[Result "1/2-1/2"]
[TimeControl "G/90; d10"]
[WhiteTitle "FM"]
[WhiteFideId "30976359"]
[BlackFideId "39921107"]
[WhiteElo "2367"]
[BlackElo "2032"]

1. e4 {[%clk 01:30:00]} e5 {[%clk 01:30:00]} {[%emt 00:00:06]} 2. Nf3 {[%clk
01:30:00]} {[%emt 00:00:04]} Nc6 {[%clk 01:30:00]} {[%emt 00:00:06]} 3. Bc4
{[%clk 01:30:00]} {[%emt 00:00:10]} Bc5 {[%clk 01:30:00]} {[%emt 00:00:07]} 4.
d3 {[%clk 01:30:00]} {[%emt 00:00:08]} Nf6 {[%clk 01:30:00]} {[%emt 00:00:07]}
5. O-O {[%clk 01:30:00]} {[%emt 00:00:06]} d6 {[%clk 01:28:42]} {[%emt
00:01:29]} 6. c3 {[%clk 01:30:00]} {[%emt 00:00:05]} a6 {[%clk 01:27:54]}
{[%emt 00:00:58]} 7. a4 {[%clk 01:29:56]} {[%emt 00:00:14]} Ba7 {[%clk
01:27:54]} {[%emt 00:00:07]} 8. Nbd2 {[%clk 01:29:55]} {[%emt 00:00:10]} h6
{[%clk 01:27:53]} {[%emt 00:00:12]} 9. b4 {[%clk 01:29:55]} {[%emt 00:00:04]}
g5 {[%clk 01:25:42]} {[%emt 00:02:20]} 10. b5 {[%clk 01:29:55]} {[%emt
00:00:11]} Nb8 {[%clk 01:15:07]} {[%emt 00:10:46]} 11. Nb3 {[%clk 01:13:57]}
{[%emt 00:16:08]} g4 {[%clk 01:09:50]} {[%emt 00:05:26]} 12. Ne1 {[%clk
01:12:22]} {[%emt 00:01:45]} Rg8 {[%clk 00:56:56]} {[%emt 00:13:05]} 13. Kh1
{[%clk 01:01:58]} {[%emt 00:10:34]} Nh5 {[%clk 00:48:27]} {[%emt 00:08:39]} 14.
g3 {[%clk 00:59:34]} {[%emt 00:02:35]} Qf6 {[%clk 00:44:28]} {[%emt 00:04:08]}
15. Ng2 {[%clk 00:57:48]} {[%emt 00:01:56]} Be6 {[%clk 00:41:40]} {[%emt
00:02:58]} 16. Be3 {[%clk 00:54:26]} {[%emt 00:03:31]} Bxc4 {[%clk 00:31:31]}
{[%emt 00:10:19]} 17. dxc4 {[%clk 00:54:17]} {[%emt 00:00:19]} Qe6 {[%clk
00:29:18]} {[%emt 00:02:22]} 18. Bxa7 {[%clk 00:50:14]} {[%emt 00:04:14]} Rxa7
{[%clk 00:29:18]} {[%emt 00:00:06]} 19. Ne3 {[%clk 00:50:04]} {[%emt 00:00:19]}
Nf6 {[%clk 00:28:37]} {[%emt 00:00:51]} 20. Nd5 {[%clk 00:45:17]} {[%emt
00:04:57]} Nxd5 {[%clk 00:27:50]} {[%emt 00:00:59]} 21. cxd5 {[%clk 00:44:08]}
{[%emt 00:01:18]} Qg6 {[%clk 00:26:37]} {[%emt 00:01:22]} 22. Qd3 {[%clk
00:44:06]} {[%emt 00:00:13]} a5 {[%clk 00:21:53]} {[%emt 00:04:55]} 23. f4
{[%clk 00:41:24]} {[%emt 00:02:51]} Nd7 {[%clk 00:17:14]} {[%emt 00:04:49]} 24.
Qe3 {[%clk 00:40:01]} {[%emt 00:01:32]} b6 {[%clk 00:16:27]} {[%emt 00:00:58]}
25. fxe5 {[%clk 00:39:14]} {[%emt 00:00:57]} Nxe5 {[%clk 00:15:36]} {[%emt
00:01:01]} 26. Rf5 {[%clk 00:39:08]} {[%emt 00:00:15]} Ra8 {[%clk 00:13:40]}
{[%emt 00:02:07]} 27. Nd4 {[%clk 00:38:16]} {[%emt 00:01:02]} Ke7 {[%clk
00:11:46]} {[%emt 00:02:04]} 28. Raf1 {[%clk 00:36:50]} {[%emt 00:01:36]} Raf8
{[%clk 00:10:38]} {[%emt 00:01:18]} 29. Qf2 {[%clk 00:32:03]} {[%emt 00:04:57]}
h5 {[%clk 00:07:34]} {[%emt 00:03:14]} 30. Rxe5+ {[%clk 00:27:46]} {[%emt
00:04:27]} dxe5 {[%clk 00:07:34]} {[%emt 00:00:07]} 31. Nf5+ {[%clk 00:27:46]}
{[%emt 00:00:03]} Kd8 {[%clk 00:06:57]} {[%emt 00:00:47]} 32. c4 {[%clk
00:27:17]} {[%emt 00:00:39]} Re8 {[%clk 00:05:18]} {[%emt 00:01:48]} 33. d6
{[%clk 00:25:58]} {[%emt 00:01:30]} Kc8 {[%clk 00:04:10]} {[%emt 00:01:19]} 34.
Rd1 {[%clk 00:18:09]} {[%emt 00:07:59]} Kb7 {[%clk 00:03:50]} {[%emt 00:00:30]}
35. c5 {[%clk 00:17:21]} {[%emt 00:00:58]} Rd8 {[%clk 00:02:26]} {[%emt
00:01:34]} 36. c6+ {[%clk 00:12:30]} {[%emt 00:05:02]} Ka7 {[%clk 00:01:16]}
{[%emt 00:01:20]} 37. d7 {[%clk 00:11:57]} {[%emt 00:00:43]} Qe6 {[%clk
00:00:54]} {[%emt 00:00:31]} 38. Rd5 {[%clk 00:11:23]} {[%emt 00:00:44]} Rg5
{[%clk 00:00:41]} {[%emt 00:00:23]} 39. Ne3 {[%clk 00:09:53]} {[%emt 00:01:40]}
h4 {[%clk 00:00:41]} {[%emt 00:00:02]} 40. gxh4 {[%clk 00:09:34]} {[%emt
00:00:29]} g3 {[%clk 00:00:41]} {[%emt 00:00:10]} 41. Qg2 {[%clk 00:09:29]}
{[%emt 00:00:15]} Rg6 {[%clk 00:00:39]} {[%emt 00:00:11]} 42. hxg3 {[%clk
00:09:29]} {[%emt 00:00:06]} Qe7 {[%clk 00:00:39]} {[%emt 00:00:09]} 43. Kh2
{[%clk 00:07:54]} {[%emt 00:01:45]} Qa3 {[%clk 00:00:15]} {[%emt 00:00:35]} 44.
Nf5 {[%clk 00:07:11]} {[%emt 00:00:52]} Qxa4 {[%clk 00:00:15]} {[%emt
00:00:05]} 45. Rxe5 {[%clk 00:07:11]} {[%emt 00:00:03]} Qb4 {[%clk 00:00:09]}
{[%emt 00:00:16]} 46. Ne7 {[%clk 00:05:19]} {[%emt 00:02:01]} Re6 {[%clk
00:00:09]} {[%emt 00:00:06]} 47. Nc8+ {[%clk 00:03:42]} {[%emt 00:01:49]} Kb8
{[%clk 00:00:09]} {[%emt 00:00:07]} 48. Rf5 {[%clk 00:03:27]} {[%emt 00:00:26]}
Rxe4 {[%clk 00:00:09]} {[%emt 00:00:07]} 49. Qc2 {[%clk 00:03:05]} {[%emt
00:00:33]} Rc4 {[%clk 00:00:09]} {[%emt 00:00:05]} 50. Qe2 {[%clk 00:02:35]}
{[%emt 00:00:40]} Re4 {[%clk 00:00:09]} {[%emt 00:00:07]} 51. Qc2 {[%clk
00:02:35]} {[%emt 00:00:01]} Rc4 {[%clk 00:00:09]} {[%emt 00:00:04]} 52. Qe2
{[%clk 00:02:34]} {[%emt 00:00:11]} Re4 {[%clk 00:00:09]} {[%emt 00:00:02]} 53.
Qc2 {[%clk 00:02:04]} {[%emt 00:00:39]} Rc4 {[%clk 00:00:09]} {[%emt 00:00:07]}
1/2-1/2

[Event "2025 National K-12 Grade Championship"]
[Site "Spokane, WI USA, United States"]
[Date "2025.12.14"]
[Round "7.20"]
[White "Kona, Vidip Kumar"]
[Black "Srinivasan, Sivavishnu"]
[Result "1/2-1/2"]
[TimeControl "G/90; d10"]
[WhiteFideId "30990440"]
[BlackFideId "39902242"]
[WhiteElo "2202"]
[BlackElo "2130"]

1. Nf3 {[%clk 01:25:44]} {[%emt 00:04:15]} Nf6 {[%clk 01:30:00]} {[%emt
00:00:13]} 2. c4 {[%clk 01:25:44]} {[%emt 00:00:08]} e6 {[%clk 01:30:00]}
{[%emt 00:00:03]} 3. e3 {[%clk 01:25:44]} {[%emt 00:00:10]} d5 {[%clk
01:30:00]} {[%emt 00:00:04]} 4. b3 {[%clk 01:25:44]} {[%emt 00:00:04]} c5
{[%clk 01:29:52]} {[%emt 00:00:18]} 5. cxd5 {[%clk 01:25:44]} {[%emt 00:00:06]}
Nxd5 {[%clk 01:29:52]} {[%emt 00:00:10]} 6. Bb2 {[%clk 01:25:44]} {[%emt
00:00:08]} Nc6 {[%clk 01:29:34]} {[%emt 00:00:28]} 7. Be2 {[%clk 01:25:44]}
{[%emt 00:00:06]} f6 {[%clk 01:28:32]} {[%emt 00:01:11]} 8. O-O {[%clk
01:23:36]} {[%emt 00:02:18]} Bd6 {[%clk 01:28:16]} {[%emt 00:00:27]} 9. d4
{[%clk 01:22:29]} {[%emt 00:01:17]} cxd4 {[%clk 01:27:54]} {[%emt 00:00:32]} 10.
Nxd4 {[%clk 01:22:29]} {[%emt 00:00:09]} Nxd4 {[%clk 01:27:50]} {[%emt
00:00:14]} 11. Bxd4 {[%clk 01:22:29]} {[%emt 00:00:08]} O-O {[%clk 01:27:09]}
{[%emt 00:00:51]} 12. Nd2 {[%clk 01:22:14]} {[%emt 00:00:24]} e5 {[%clk
01:23:19]} {[%emt 00:04:01]} 13. Bb2 {[%clk 01:20:51]} {[%emt 00:01:32]} Be6
{[%clk 01:21:20]} {[%emt 00:02:09]} 14. Rc1 {[%clk 01:14:22]} {[%emt 00:06:40]}
Bb4 {[%clk 01:18:35]} {[%emt 00:02:54]} 15. Ne4 {[%clk 01:12:40]} {[%emt
00:01:53]} Rc8 {[%clk 01:15:33]} {[%emt 00:03:12]} 16. a3 {[%clk 01:11:36]}
{[%emt 00:01:14]} Be7 {[%clk 01:14:49]} {[%emt 00:00:54]} 17. Bc4 {[%clk
01:04:46]} {[%emt 00:06:59]} Nc7 {[%clk 01:13:46]} {[%emt 00:01:12]} 18. Qe2
{[%clk 00:59:27]} {[%emt 00:05:32]} Bxc4 {[%clk 01:11:16]} {[%emt 00:02:40]} 19.
Qxc4+ {[%clk 00:59:18]} {[%emt 00:00:18]} Nd5 {[%clk 01:11:16]} {[%emt
00:00:10]} 20. Qb5 {[%clk 00:58:56]} {[%emt 00:00:28]} Rxc1 {[%clk 01:10:34]}
{[%emt 00:00:55]} 21. Rxc1 {[%clk 00:58:50]} {[%emt 00:00:16]} Nb6 {[%clk
01:10:07]} {[%emt 00:00:37]} 22. f3 {[%clk 00:52:17]} {[%emt 00:06:43]} Qd5
{[%clk 01:07:27]} {[%emt 00:02:48]} 23. Qxd5+ {[%clk 00:51:35]} {[%emt
00:00:53]} Nxd5 {[%clk 01:07:27]} {[%emt 00:00:01]} 24. Kf2 {[%clk 00:51:00]}
{[%emt 00:00:43]} Rd8 {[%clk 01:07:12]} {[%emt 00:00:27]} 25. g4 {[%clk
00:48:36]} {[%emt 00:02:34]} Nb6 {[%clk 01:06:19]} {[%emt 00:01:02]} 26. Ke2
{[%clk 00:46:35]} {[%emt 00:02:12]} Kf7 {[%clk 01:05:10]} {[%emt 00:01:19]} 27.
h4 {[%clk 00:45:29]} {[%emt 00:01:16]} Rc8 {[%clk 01:04:37]} {[%emt 00:00:38]}
28. Nc3 {[%clk 00:44:56]} {[%emt 00:00:48]} a6 {[%clk 01:03:49]} {[%emt
00:00:58]} 29. h5 {[%clk 00:42:59]} {[%emt 00:02:07]} Ke6 {[%clk 01:02:47]}
{[%emt 00:01:12]} 30. e4 {[%clk 00:38:43]} {[%emt 00:04:27]} Rc6 {[%clk
00:56:52]} {[%emt 00:06:04]} 31. Rd1 {[%clk 00:34:08]} {[%emt 00:04:44]} Rd6
{[%clk 00:55:43]} {[%emt 00:01:17]} 32. Rh1 {[%clk 00:32:59]} {[%emt 00:01:20]}
Rc6 {[%clk 00:55:08]} {[%emt 00:00:45]} 33. Kd3 {[%clk 00:32:18]} {[%emt
00:00:52]} Bc5 {[%clk 00:54:58]} {[%emt 00:00:19]} 34. Ne2 {[%clk 00:31:17]}
{[%emt 00:01:11]} Rd6+ {[%clk 00:54:35]} {[%emt 00:00:34]} 35. Kc2 {[%clk
00:31:17]} {[%emt 00:00:07]} Be3 {[%clk 00:54:20]} {[%emt 00:00:17]} 36. Bc3
{[%clk 00:30:42]} {[%emt 00:00:53]} Nd7 {[%clk 00:51:51]} {[%emt 00:02:38]} 37.
Ng3 {[%clk 00:30:05]} {[%emt 00:00:48]} Rc6 {[%clk 00:51:19]} {[%emt 00:00:42]}
38. Kb2 {[%clk 00:29:16]} {[%emt 00:00:59]} Nc5 {[%clk 00:45:22]} {[%emt
00:06:08]} 39. Rd1 {[%clk 00:29:11]} {[%emt 00:00:15]} Rb6 {[%clk 00:43:24]}
{[%emt 00:02:08]} 40. b4 {[%clk 00:28:20]} {[%emt 00:01:01]} Na4+ {[%clk
00:43:12]} {[%emt 00:00:22]} 41. Kb3 {[%clk 00:27:38]} {[%emt 00:00:42]}
1/2-1/2